[Event "BCF-chT4S 1819 (4NCL)"]
[Site "England"]
[Date "2019.05.06"]
[Round "11.63"]
[White "Graff, Ben"]
[Black "Georgiou, George"]
[Result "1/2-1/2"]
[WhiteElo "1847"]
[BlackElo "1832"]
[PlyCount "50"]
[EventDate "2018.11.17"]
[EventType "team-swiss"]
[EventRounds "11"]
[EventCountry "ENG"]
[SourceTitle "EXT 2021"]
[Source "ChessBase"]
[SourceDate "2020.10.23"]
[SourceVersion "1"]
[SourceVersionDate "2020.10.23"]
[SourceQuality "1"]
[WhiteTeam "Throw in the Tal"]
[BlackTeam "Check Innmates II"]
[WhiteTeamCountry "ENG"]
[BlackTeamCountry "ENG"]

1. d4 d5 2. Bf4 c6 3. c3 Nf6 4. Nd2 Bf5 5. Ngf3 Nbd7 6. h3 h6 7. e3 e6 8. c4 Be7 9. Qb3 Qb6 10. c5 Qxb3 11. axb3 0-0 12. b4 a6 13. Nb3 Rfc8 14. Be2 Bd8 15. Na5 Bxa5 16. Rxa5 Ne8 17. 0-0 Nc7 18. Ne5 Nxe5 19. Bxe5 f6 20. Bh2 Nb5 21. Rfa1 Kf7 22. Bxb5 cxb5 23. Bd6 Bd3 24. R5a3 Bf5 25. Rc3 Rc6 1/2-1/2